Provincie West-Vlaanderen - Trivia - Statistieken

Algemene statistieken
  • Deze quiz is 1.103 keer genomen
    1.063 sinds de laatste reset
  • De gemiddelde score is 17 van 25
Antwoordstatistieken
Omschrijving Antwoord % Correct
Hoofdstad Brugge
98%
Aangrenzende landen Frankrijk
97%
Aangrenzende landen Nederland
95%
Aangrenzende provincies Oost-Vlaanderen
95%
Derde stad Oostende
91%
Tweede stad Kortrijk
90%
Aangrenzende provincies Henegouwen
89%
Clubs in de Jupiler Pro League Club Brugge
85%
Deze mondt uit in de Noordzee
80%
Duurste gemeente van Vlaanderen Knokke-Heist
77%
Belangrijkste haven Zeebrugge
73%
Clubs in de Jupiler Pro League Cercle Brugge
72%
Belangrijkste rivier IJzer
69%
Clubs in de Jupiler Pro League KV Kortrijk
67%
Trappistenbier gebrouwen in Vleteren Westvleteren
64%
Vierde stad Roeselare
63%
Clubs in de Jupiler Pro League KV Oostende
62%
Enige gemeente met een pier Blankenberge
59%
Clubs in de Jupiler Pro League SV Zulte Wagerem
54%
Grootste evenementenhal Kortrijk {Expo}
49%
Hoogste punt {Kemmel}berg
45%
Andere naam voor het westen van de provincie {Kust}streek
44%
België heeft hiervan de langste lopen langs de kust Tramlijn
42%
Andere naam voor het zuidwesten van de provincie Westhoek
39%
Deltagebied achter de duinen Polders
32%
Geen overeenkomende quizzen gevonden
Scoreverdeling
Procent van Mensen met Elke Score
Percentiel versus Aantal Correcte Antwoorden
Uw Scoregeschiedenis
U heeft deze quiz nog niet genomen sinds de laatste reset